Photogrammetry, basic principles and general survey (Record no. 17719)

000 -LEADER
fixed length control field 00585nam a22002051 4500
001 - CONTROL NUMBER
control field 17719
003 - CONTROL NUMBER IDENTIFIER
control field BD-DhUET
008 - FIXED-LENGTH DATA ELEMENTS--GENERAL INFORMATION
fixed length control field 840301s1960 nyua b 000 0 eng
040 ## - CATALOGING SOURCE
Original cataloging agency DLC/ICU
Transcribing agency ICU
Modifying agency BD-DhUET
082 00 - DEWEY DECIMAL CLASSIFICATION NUMBER
Classification number 526.982
Item number HAL/1960
100 ## - MAIN ENTRY--PERSONAL NAME
Personal name Hallert, Bertil
245 00 - TITLE STATEMENT
Title Photogrammetry, basic principles and general survey
250 ## - EDITION STATEMENT
Edition statement 1st ed.
260 ## - PUBLICATION, DISTRIBUTION, ETC. (IMPRINT)
Place of publication, distribution, etc. New York
Name of publisher, distributor, etc. McGraw-Hill
Date of publication, distribution, etc. 1960
300 ## - PHYSICAL DESCRIPTION
Extent ix, 340 p.
Other physical details illus.
Dimensions 24 cm.
490 ## - SERIES STATEMENT
Series statement McGraw-Hill civil engineering series
504 ## - BIBLIOGRAPHY, ETC. NOTE
Bibliography, etc Includes bibliographies
650 #0 - SUBJECT ADDED ENTRY--TOPICAL TERM
Topical term or geographic name as entry element Photogrammetry: Surveying
942 ## - ADDED ENTRY ELEMENTS (KOHA)
Koha item type General Book
Holdings
Koha normalized classification for sorting Not for loan Piece designation (barcode) Location (home branch) Lost status Source of classification or shelving scheme Sublocation or collection (holding branch) Copy number Koha date last seen Price effective from Withdrawn status Damaged status Shelving location Koha full call number Date acquired Koha item type
526_982000000000000_HAL_1960 6315Central Library, BUET  Central Library, BUET12015-03-242015-03-24  Circulation section526.982/HAL/19602015-03-24General Book
526_982000000000000_HAL_1960 15444Central Library, BUET  Central Library, BUET22016-12-172015-05-10  Circulation section526.982/HAL/19602015-05-10General Book